| Tag |
First Indicator |
Second Indicator |
Subfields |
| LEADER |
00000cam a2200000 4500 |
| 001 |
in00001402641 |
| 005 |
20151020052128.0 |
| 008 |
751031s1960 nyu 000 0 eng d |
| 035 |
|
|
|a (OCoLC)01749422
|
| 035 |
|
|
|9 AHM2716AM
|
| 040 |
|
|
|a JPL
|c JPL
|d OCL
|d TXA
|d UtOrBLW
|
| 049 |
|
|
|a TXAM
|
| 090 |
|
|
|a PN44
|b .M
|
| 092 |
|
|
|a R 808.8
|b M
|
| 100 |
1 |
|
|a Magill, Frank N.
|q (Frank Northen),
|d 1907-1997,
|e editor.
|
| 245 |
1 |
0 |
|a Masterpieces of world literature in digest form :
|b third series /
|c with the assistance of Dayton Kohler and staff.
|
| 264 |
|
1 |
|a New York :
|b Harper,
|c [1960]
|
| 300 |
|
|
|a 1173 pages ;
|c 24 cm.
|
| 336 |
|
|
|a text
|b txt
|2 rdacontent
|
| 337 |
|
|
|a unmediated
|b n
|2 rdamedia
|
| 338 |
|
|
|a volume
|b nc
|2 rdacarrier
|
| 500 |
|
|
|a Also appears under title of Masterplots.
|
| 541 |
0 |
|
|a Donated by Stanley Archer ; October, 1997
|
| 650 |
|
0 |
|a Literature
|v Collections.
|
| 650 |
|
0 |
|a Literature
|v Stories, plots, etc.
|
| 740 |
0 |
|
|a Masterplots.
|
| 999 |
|
|
|a MARS
|
| 999 |
f |
f |
|s 34545ab7-2f20-34a9-a6e6-146dfa26458b
|i f58a367a-d4e8-371e-86a6-e57347d753df
|t 0
|
| 952 |
f |
f |
|p ric
|a Texas A&M University
|b Rellis Campus
|c Joint Library Facility
|d Remote Storage
|t 0
|e PN44 .M27 1960
|h Library of Congress classification
|i unmediated -- volume
|m A14821637348
|
| 998 |
f |
f |
|a PN44 .M27 1960
|t 0
|l Remote Storage
|